Регионална библиотека "Любен Каравелов" - Русе

Дунавски корабостроители (Запис номер 60080)

MARC детайли
000 -Лидер
Контролно поле с фиксирана дължина 01644nam a2200433 a 4500
003 - Код на организацията, давaща контролен номер
Контролно поле BLK
005 - Дата и час на последна редакция
Контролно поле 20240913160933.0
008 - Елементи от данни с фиксирана дължина
fixed length control field 180408b bul|||||r ||||||| ||bul||
010 ## - Наследен системен номер
LC control number KNG00064211000
040 ## - Източник на каталожния запис
Идентификатор на билиотеката - собственик на записа BLK
041 ## - Код за език
Код за езика на текст/звукозапис или на отделно заглавие Български
Код за езика КДБФ Български
072 #7 - Код за тематичната категория
Код организация bullib
Код за тематична категория К
Текст Краезнание
080 ## - УДК
Текстов определител УДК Корабостроителни заводи. Докове
УДК код - определител по УДК 629.128
УДК определител (09)
УДК - код + определител 629.128(09)
100 1# - Редна дума - Автор
Автор Петров, Костадин
Авторска отговорност първи автор
R(LIN) 278995
139 ## - Редно поле
Редна дума Петров, Костадин и др.
Авторски знак Петро - П 47
245 10 - Сведения за заглавието
Заглавие Дунавски корабостроители
Подзаглавни данни Истор. очерк
Редно поле (дума) Костадин Петров; съавт. Гинка Иванова; съавт. Продан Бенчев.
257 ## - Страна на издаване
Страна на създаване/издаване България
260 ## - Област на издателските данни
Име на издателя, разпространителя и проч. Профиздат
Година на издаване 1971
Място на издаване, разпространение и проч. София
300 ## - Физическа характеристика
Страници 336 с.
Илюстрации и др. с ил., портр. и табл.
Размери/Мащаб 22 см
380 ## - Жанр
Жанр Техника
504 ## - Забележка за наличие на библиография и др
Забележка за наличие на библиография и под. Библиогр. с. 267-272.
650 #4 - Допълнително описание по предмет – тема
Основно описание – тема или топоним Корабостроене - България - история
9 (RLIN) 250336
651 #4 - Допълнително описание по предмет - топоним
Географско понятие Русе
9 (RLIN) 179462
653 ## - Ключова дума – ненормативна
Ключова дума заводи
653 ## - Ключова дума – ненормативна
Ключова дума корабостроене
653 ## - Ключова дума – ненормативна
Ключова дума Русенска корабостроителница
659 ## - Тематичен бюлетин
Тематичен бюлетин К
700 1# - Други автори (авторска отговорност)
Лично име Иванова, Гинка
Автороска отговорност (Описва отношението между автора и произведението) съавт.
9 (RLIN) 289588
700 1# - Други автори (авторска отговорност)
Лично име Бенчев, Продан
Автороска отговорност (Описва отношението между автора и произведението) съавт.
9 (RLIN) 289589
852 ## - Местоположение
Форматна сигнатура Цб 60307
852 ## - Местоположение
Форматна сигнатура К 62/П 47 К
856 4# - Електронен адрес и достъп
Електронен формат pdf - файл
856 4# - Електронен адрес и достъп
Електронен формат pdf - файл
999 ## - СИСТЕМНИ КОНТРОЛНИ НОМЕРА
Koha biblionumber 60080
Koha biblioitemnumber 60080
942 ## - АРТИКУЛИ
Вид на библиотечния материал Книги
Скрит в OPAC Не
Периодичен библиозапис Да
Koha issues (borrowed), all copies 4
944 ## - СЪЗДАВАНЕ И РЕДАКЦИЯ на ЗАПИСА
Създаване/Редакция Създаване
Дата на регистрацията/редакция 13.06.2004
Служител, извършил регистрацията/редакцията 30558
Статус, дата на статуса Валя Йорданова
944 ## - СЪЗДАВАНЕ И РЕДАКЦИЯ на ЗАПИСА
Създаване/Редакция Редакция
Дата на регистрацията/редакция 13.05.2015
Служител, извършил регистрацията/редакцията Валя_Йорданова
999 ## - СИСТЕМНИ КОНТРОЛНИ НОМЕРА
Koha biblioitemnumber 60080
999 ## - СИСТЕМНИ КОНТРОЛНИ НОМЕРА
Koha biblioitemnumber 60080
Наличности
Код за отписване Код за изгубен артикул Източник на класификационната схема Код за повреда Коз за рестрикции Код за отдаване Артикулен № Име на библиотеката - собственик Име на библиотеката, в която се намира в момента Статус (Текущо местоположение) Дата на вписване в системата Местоположение - отдел Цена в лева Инвентарен номер Систематично азбучна сигнатура Баркод Номер на екземпляра Цена в евро Служебна бележка Служебен тип на артикула
  Не е изгубен Universal Decimal Classification Повреден само за читалня ползва се в читалня 98678 Регионална библиотека "Любен Каравелов" Русе Регионална библиотека "Любен Каравелов" Русе Хранилище 1971-01-01 Хранилище 0.00 104144 Цб 60307 120000104144 1 0.00 Дост: Dp Вид: Д N: стар фонд Дата: 01.01.1971 Книги
  Не е изгубен Universal Decimal Classification Не е повреден без рестрикции ползва се в читалня 98679 Регионална библиотека "Любен Каравелов" Русе Регионална библиотека "Любен Каравелов" Русе Краезнание 1971-01-01 Краезнание 1.00 147931 К 62/П 47 К 120000147931 2 0.51 Дост: Pk Вид: Ф N: стар фонд Дата: 01.01.1971 Дата инв: 16.11.2017 Бележки инв: К2017 Книги
  Не е изгубен Universal Decimal Classification Не е повреден без рестрикции ползва се в читалня 98680 Регионална библиотека "Любен Каравелов" Русе Регионална библиотека "Любен Каравелов" Русе Краезнание 1971-01-01 Краезнание 1.00 147932 К 62/П 47 К 120000147932 3 0.51 Дост: Pk Вид: Ф N: стар фонд Дата: 01.01.1971 Дата инв: 10.11.2017 Бележки инв: К2017 Книги
Vip Innovations Ltd, Rousse, Bulgaria 2025